000 00497nam a22001697a 4500
999 _c8334
_d8334
008 201113b ||||| |||| 00| 0 eng d
040 _aBMS College of Architectute
100 _aPirgal, Karan
245 _aThe belfry
300 _aNA
500 _a1BM15AT037
502 _8B,Arch
_NBMS College of Architecture, Visvesvaraya Technological University (VTU)
_aProject report
_d2019
650 _abelfry
700 _aJeeno George
_eGuide
700 _aRema Vaidyanathan
_eGuide
942 _2ddc
_cTHE